Geschichte der deutschen Literatur vom 18. Jahrhundert bis zur Gegenwart. Band II/1 1848-1918

Zapisane w:
Opis bibliograficzny
1. autor: Zmegac, Viktor
Format: Książka
Język:Undetermined
Wydane: Königstein, Alemania Athenäum 1980
Hasła przedmiotowe:
Etykiety: Dodaj etykietę
Nie ma etykietki, Dołącz pierwszą etykiete!

MARC

LEADER 00000nam a2200000Ia 4500
008 170316s9999 xx 000 0 und d
999 |c 7464  |d 7464 
040 |a cru BVZT 
090 |a 830 Z-1ge v.2 
100 |a Zmegac, Viktor 
245 |a Geschichte der deutschen Literatur vom 18. Jahrhundert bis zur Gegenwart. Band II/1 1848-1918 
260 |a Königstein, Alemania 
260 |b Athenäum 
260 |c 1980 
300 |a 532 páginas 
650 |a LITERATURA ALEMANA  |9 192 
942 |c 15 D  |h 830 Z-1ge v.2  |2 z